The interpretation of cultures : selected essays /

Bibliographic Details
Main Author: Geertz, Clifford
Format: Book
Language:English
Published: New York : Basic Books, [1973]
Subjects:

MARC

Tag First Indicator Second Indicator Subfields
LEADER 00000cam a2200000 4500
001 in00000077591
005 20151008053803.0
008 731016s1973 nyu b 00100 eng
010 |a  73081196  
020 |a 046503425X  |c $15.00 
035 |a (OCoLC)00737285 
035 |9 AAH8641AM 
040 |a DLC  |c DLC  |d m.c.  |d TXA  |d UtOrBLW 
049 |a TXAM  |c 1 [925616], 2 [1500200] 
050 0 0 |a GN315  |b .G36 
082 0 |a 301.2 
100 1 |a Geertz, Clifford. 
245 1 4 |a The interpretation of cultures :  |b selected essays /  |c by Clifford Geertz. 
264 1 |a New York :  |b Basic Books,  |c [1973] 
300 |a ix, 470 pages ;  |c 25 cm. 
336 |a text  |b txt  |2 rdacontent 
337 |a unmediated  |b n  |2 rdamedia 
338 |a volume  |b nc  |2 rdacarrier 
504 |a Includes bibliographical references and index. 
650 0 |a Ethnology. 
999 |a MARS 
999 f f |s 0232cd76-9f00-344a-91c0-981dc79e83ff  |i 0f57ea41-26e0-31f2-ae8f-1e18f5b1fbdb  |t 0 
952 f f |p normal  |a Texas A&M University  |b College Station  |c Sterling C. Evans Library  |d Evans: Library Stacks  |t 0  |e GN315 .G36  |h Library of Congress classification  |i unmediated -- volume  |m A14802421908 
952 f f |p normal  |a Texas A&M University  |b College Station  |c Sterling C. Evans Library  |d Evans: Library Stacks  |t 0  |e GN315 .G36  |h Library of Congress classification  |i unmediated -- volume  |m A14806114210 
998 f f |a GN315 .G36  |t 0  |l Evans: Library Stacks 
998 f f |a GN315 .G36  |t 0  |l Evans: Library Stacks